000 00849nam a22002057a 4500
999 _c6929
_d6929
003 AR-CdUCM
008 190319b ||||| |||| 00| 0 spa d
040 _aMUNICIPALIDAD PROVINCIAL DEL CUSCO
_cBIBLIOTECA MUNICIPAL DEL CUSCO
082 _a658.3 /
_bM22
110 _aCentro Regional de Ayuda Tecnica
_910048
245 _aManual de adiestramiento y consulta para el Análisis de Puestos :
_bTemas de Administracion /
260 _aMéxico :
_bTrillas ,
_c1972.
300 _a147 páginas ;
_c24 cm.
505 _aContenido : Análisis de puestos en el U.S Employment Service -- Usos del análisis de puestos -- Principios del análisis de puestos -- El programa del análisis de puestos...
650 _aAnalisis de puestos
_919526
650 _aSector Laboral
_919527
650 _aRecursos Humanos
_94385
942 _2ddc
_cLIBROS
945 _artm